| 000 | 00827 a2200205 4500 | ||
|---|---|---|---|
| 020 | _a0471655961 | ||
| 040 |
_aDLC _bDLC |
||
| 082 | 0 | 0 | _a621.384/11 |
| 100 | 1 | _aSeybold, John S., | |
| 245 | 1 | 0 |
_aIntroduction to RF propagation _cJohn S. Seybold. |
| 260 |
_aHoboken, N.J. : _bWiley, _cc2005. |
||
| 300 |
_axv, 330 p. : _bill. ; _c24 cm. |
||
| 650 | 0 | _aRadio wave propagation | |
| 650 | 0 |
_aRadio wave propagation _xMathematical models |
|
| 650 | 0 | _aAntennas (Electronics) | |
| 856 | 4 | 2 |
_3Contributor biographical information _uhttp://www.loc.gov/catdir/enhancements/fy0623/2005041617-b.html |
| 856 | 4 | 2 |
_3Publisher description _uhttp://www.loc.gov/catdir/enhancements/fy0623/2005041617-d.html |
| 856 | 4 | 2 |
_3Table of contents only _uhttp://www.loc.gov/catdir/enhancements/fy0623/2005041617-t.html |
| 942 |
_cBK _k621.38411 SEY _2ddc |
||
| 999 |
_c8379 _d8379 |
||